| 000 | 00860 a2200241 4500 | ||
|---|---|---|---|
| 005 | 20260109123655.0 | ||
| 008 | 260109b |||||||| |||| 00| 0 eng d | ||
| 020 | _a9789389159998 (hbk) | ||
| 037 | _cTB | ||
| 040 |
_aCRL _cCRL |
||
| 041 |
_2pun _apun |
||
| 084 |
_aO153,3NSI,YA R4 _qCRL |
||
| 100 |
_aਸਿੰਘ, ਬਲਦੇਵ _9850493 |
||
| 245 | _aਯਸ਼ੋਧਰਾ | ||
| 246 | _aYashodhra (Kapilvastu di raj Badhu)/ Baldev Singh, | ||
| 260 |
_aChandigarh, India: _bLokgeet Prakashan, _c2024. |
||
| 300 | _a201p. | ||
| 365 |
_b350.00 _cINR |
||
| 650 |
_aਪੰਜਾਬੀ ਸਾਹਿਤ _9863375 |
||
| 650 |
_aਪੰਜਾਬੀ ਕਹਾਣੀ _9863376 |
||
| 942 |
_cTB _2CC _n0 _hO153,3NSI,YA R4 |
||
| 999 |
_c1465197 _d1465197 |
||